Dicionário visual da Terra (Registo nº 4299)

Detalhes MARC
000 -Etiqueta do registo
Cabeçalho 00601cam a2200241 4500
005 - Identificador da versão
Campo de controlo 20240813122057.0
010 ## - Número internacional normalizado dos livros (ISBN)
Número (ISBN) 9722211854
Modalidade de aquisição e/ou preço ? 4.00
021 ## - Número do Depósito Legal
Código do país PT
100 ## - Dados gerais de processamento
Dados gerais de processamento 20060804d1995 a y0pory5003 ba
102 ## - Pais de publicação ou produção
País de publicação Portugal
101 1# - Língua de publicação
Língua do texto, banda sonora, etc. Português
215 ## - Descrição física 
Indicação específica da natureza do documento e extensão da espécie 64 p.
Outras indicações físicas il
200 1# - Titulo e menção de responsabilidade
Título próprio Dicionário visual da Terra
Primeira menção de responsabilidade trad. Fernando Magalhães
225 1# - Colecção 
Título próprio da colecção Dicionários visuais
Indicação de volume 8
205 ## - Menção da edição
Menção da edição 2.ª ed
210 ## - Publicação, Distribuição, etc. 
Lugar da edição, distribuição, etc. Lisboa
Nome do editor, distribuidor, etc. Verbo
Data da publicação, distribuição, etc. D.l. 1995
675 ## - Classificação Decimal Universal (CDU)
Notação 030
Edição BN
Língua da edição por
702 #1 - Nome de autor-pessoa física (responsabilidade secundária)
Número de registo de entrada de autoridade 0001062
Palavra de ordem Magalhães
Outra parte do nome não tomada para palavra de ordem Fernando
Código de função Tradutor
942 ## - Elementos de entrada adicionados (Koha)
Tipo de item no Koha Livro
Exemplares
Situação do levantamento Origin of item (home branch) (coded) Biblioteca de empréstimo Código de barras Cota Circulation type (not for loan) Tipo de documento Nota do exemplar Damaged status
  Biblioteca Escolar das Vendas Biblioteca Escolar das Vendas BEV1230 5DIC   Livro Sem mensagem